| 000 | 00609nam a2200169 i 4500 | ||
|---|---|---|---|
| 001 | 20477 | ||
| 003 | ES-MaACL | ||
| 005 | 20230906152318.0 | ||
| 007 | t| | ||
| 008 | 021113s1880 sp ||||1| spa d | ||
| 110 | 2 |
_aReal Academia Gaditana de Ciencias y Letras. _96340 |
|
| 245 | 1 | 0 |
_aInaguración del año académico de 1880 a 1881 / _cAcademia Gaditana de Ciencias y Letras. |
| 260 |
_aCádiz : _b[s.n.], _c1880 ( _fImp. de la Revista Médica, de D. Federico Joly) |
||
| 300 |
_a67 p. ; _c20 cm. |
||
| 610 | 2 | 4 |
_aReal Academia Gaditana de Ciencias y Letras- _vMemorias. _9160082 |
| 852 |
_aES-MaACL _jT-423-F-6 |
||
| 999 |
_c20477 _d20477 |
||